000 00291nam a22001337a 4500
008 170630b xxu||||| |||| 00| 0 eng d
020 _a2900312452833
041 _aeng
080 _a82
100 _a22
101 _aGJL
245 _aAPPROACHING LITERATURE
_cSCHAKEL, P
942 _2udc
_cBK
999 _c19752
_d19752